000 00585ntaaa2200205 4500
003 01
005 20251027202453.0
008 0714s1973 ag 01
040 _aAR-BaBN
_bspa
_cAR-BaBN
_eaacr
_dRIC
082 _a268.4323 Al5
100 _aAllen, Hattie Bell
_914266
245 _aJunior superintendent's manual
250 _a1 ed.
260 _aNashville :
_bThe Sunday School Board,
_cc1945
300 _a116 p.
500 _amanual para superiintendentes de primarios en la Escuela Dominical
650 _aPrimarios
_99174
700 _aMoore Rice, Lilian
_923603
942 _cBK
999 _c19700
_d19700